| 000 | 01319nam a22002657a 4500 | ||
|---|---|---|---|
| 005 | 20180416145826.0 | ||
| 010 | _aHIN-80248 B-689730-731 | ||
| 020 |
_a8190371878 _c200.00 |
||
| 035 | _aHN-52594 | ||
| 035 | _aB-689730-731 | ||
| 037 | _bD.B.Act / pub | ||
| 037 | _bनवशिला प्रकाशन | ||
| 082 | _a821 | ||
| 100 | _aराहुल | ||
| 245 |
_aनेहरू-युग का महानायक / _cराहुल |
||
| 246 |
_aNehru Yug ka mahanayak _bby Rahul |
||
| 260 |
_aदिल्ली _bएस. एन. पब्लिकेशन _c2017 |
||
| 270 |
_a7/12, ए-75, श्रीराम कालोनी, निलोठी एक्स, नांगलोई _bदिल्ली _e110041 |
||
| 300 |
_a128पृ _c22 सेमी(सजिल्द) |
||
| 500 | _aबलिदानी पुस्तक | ||
| 650 | _aहिन्दी कविताएँ | ||
| 650 | _aHindi Poems | ||
| 942 |
_adpl _cHN _2ddc _h821 _mराहुल |
||
| 999 |
_c5284 _d5284 |
||